000 00516nam a2200217 454500
001 080620
003 BD-ChCU
005 20251202085651.0
008 Eng
020 _ax
040 _aDLC
_cDLC
_dBD-ChCU
082 0 0 _aREF.954.9205/MAB
100 1 _aMascarenhas,Anthony.
_bx
245 1 0 _aBangladesh :
_bA Legacy of Blood
250 _ax
260 _aLondon:
_bHodder & Stoughton,
_cc1986
300 _avi,186p.
650 0 _aBangladesh-Hist.
_bBangladesh-Hist.
700 1 _ax
942 _2ddc
_cBK
999 _c80620
_d80620